| 000 | 00602nam a2200193 i 4500 | ||
|---|---|---|---|
| 001 | 84969 | ||
| 003 | ES-MaACL | ||
| 005 | 20231218202341.0 | ||
| 007 | t| | ||
| 008 | 041124s1972 sp ||||1| spa d | ||
| 245 | 0 | 0 |
_aPara ti, ¿quién es Jesucristo? / _ctextos recogidos y presentados por A.M. Carré. |
| 260 |
_aMadrid : _bNarcea, _c[1972] |
||
| 300 |
_a148 p. ; _c22 cm. |
||
| 600 | 0 | 4 |
_aJesucristo. _966361 |
| 700 | 1 |
_aCarre, Ambroise-Marie. _935592 |
|
| 700 | 1 |
_aGómez Molleda, María Dolores, _d1922-2017 _958053 |
|
| 852 |
_aES-MaACL _jC-45645 _bR.81008 |
||
| 999 |
_c84969 _d84969 |
||